000 nam a22 4500
999 _c8973
_d8973
008 180322b ||||| |||| 00| 0 eng d
100 _927033
_aLazaro, Freddie G.
245 _aLawmaker re-files bill strengthening conservation of protected areas/
_cFreddie G. Lazaro
260 _aPhilippines
_bManila Bulletin
_cc2016
300 _apage B-8.
650 0 _927034
_aEnvironmental protection.
942 _2ddc
_cPER